000 01208nam a2200325 a 4500
001 000109580
003 CHAP
005 20220329144055.0
008 140512s2014 mx sm |||||||spa d
010 _a106042
011 _a107014
040 _cCHAP
090 _aTesis
100 0 0 _aMartínez Castillo, Benjamín
_971906
245 1 0 _aRegeneración por organogénesis directa y transformación genética de frijol (Phaseolus vulgaris L.) mediante bombardeo de micropartículas
_h[En línea]
_cpor Benjamín Martínez Castillo.
260 _aChapingo, Méx. :
_bEl autor,
_c2014.
500 _aPara ver el contenido del material haga clic en la liga
502 _aTesis (Ph. D. en Ciencias Horticultura) UACH. Departamento Fitotecnia
590 _aBATCH-UPD
_b05
_c20141002
_lUCH01
_h0903
590 _aE5765TAJ
_b05
_c20140512
_lUCH01
_h1127
590 _aE5765TAJ
_b05
_c20140512
_lUCH01
_h1127
590 _aE5765TAJ
_b05
_c20140514
_lUCH01
_h1131
650 _aFrijol
_xVariedades
_943446
650 _aOrganogénesis
_983564
650 1 4 _aFrijol
_xPlántulas.
_943417
856 _aFinding aid
_uhttp://10.13.5.2/tesis/sist109580.pdf
_zTeclea aquí
901 _aBK
942 _cTESIS
942 _n0
999 _c106042
_d106042